Nelinejnyje differenciaľnyje uravnenija /
Salvato in:
| Autori principali: | , |
|---|---|
| Natura: | Libro |
| Lingua: | russo |
| Pubblicazione: |
Moskva :
Nauka,
1988
|
| Tags: |
Nessun Tag, puoi essere il primo ad aggiungerne!!
|
MARC
| LEADER | 00000nam a22000003a 4500 | ||
|---|---|---|---|
| 001 | stu3227 | ||
| 005 | 20150617225616.6 | ||
| 008 | 930303s1988----xxr-----------------rus-d | ||
| 040 | |a STU |b slo | ||
| 041 | 0 | |a rus | |
| 044 | |a xxr | ||
| 080 | |a 517.928 | ||
| 100 | 1 | |a Kufner, Alois |4 aut | |
| 245 | 1 | |a Nelinejnyje differenciaľnyje uravnenija / |c [aut.] Kufner,A.; Fučík,S | |
| 260 | |a Moskva : |b Nauka, |c 1988 | ||
| 300 | |a 304 s | ||
| 700 | 1 | |a Fučík, Svatopluk |4 aut | |
| 996 | |b E67776 |c E*67776 |l EE03 |s P |a 0 |w stu3227_0001 | ||